000 00433nam a2200157Ia 4500
008 160316s2002 xxu||||| |||| 00| 0 eng d
082 _a823.000000
_bBAL
100 _aBalsamo William
245 _aThe mafia : The first 100 years, the deadly inside story of organised crime
250 _a
260 _aLondon
_bVirgin Books
_c2002
300 _a464p
_b
_c
365 _bP 1.99
650 _a1. Fiction
700 _aCarpozi George
_a
999 _c33331
_d33331